| 000 | 00738nam a22002057a 4500 | ||
|---|---|---|---|
| 999 |
_c3746 _d3746 |
||
| 003 | AR-CdUCM | ||
| 008 | 190307b ||||| |||| 00| 0 spa d | ||
| 040 |
_aMUNICIPALIDAD PROVINCIAL DEL CUSCO _cBIBLIOTECA MUNICIPAL DEL CUSCO |
||
| 082 |
_a869.57 / _bH89 |
||
| 100 |
_aHuillca Huarhua, Antolin _912113 |
||
| 245 |
_aObras Literarias : _bCuentos poesías y canciones / |
||
| 260 |
_aPerú : _bONG Paso al Desarrollo, _c2007. |
||
| 300 |
_a25 páginas ; _bilustraciones, _c21 cm. |
||
| 505 | _aContenido: Huamanga -- La barrendera -- El huayno -- Kutiry -- De la tierra y la creación ... | ||
| 650 |
_aPerú, Siglo XXI _912114 |
||
| 650 |
_aLiteratura _983 |
||
| 650 |
_aPoesía, canciones _912115 |
||
| 942 |
_2ddc _cLIBROS |
||
| 945 | _aachl | ||